|
|
|
|
| LEADER |
00000nab a2200000 a 4500 |
| 001 |
vtls010341095 |
| 003 |
SK-MaSNL |
| 005 |
20260303093500.0 |
| 008 |
120209c2012 xo wr 0 0slo |
| 038 |
|
|
|a SLLK
|
| 040 |
|
|
|a SLLK
|b slo
|c sllk
|e AACR2
|
| 041 |
|
|
|a slo
|
| 044 |
|
|
|a xo
|c SK
|
| 080 |
|
|
|a 379.8
|2 2001
|
| 080 |
|
|
|a 027.53
|2 2001
|
| 100 |
1 |
|
|a Tomková, Mária
|4 aut
|9 563240
|
| 245 |
1 |
0 |
|a Mladí (nielen) mladým
|c Mária Tomková
|
| 300 |
|
|
|b Fotogr.
|
| 610 |
2 |
7 |
|a Klub mladých knihobežníkov (Stará Ľubovňa, Slovensko)
|2 sllk
|9 1104385
|
| 610 |
2 |
7 |
|a Ľubovnianska knižnica (Stará Ľubovňa, Slovensko)
|2 sllk
|9 33809
|
| 610 |
2 |
7 |
|a Mládežnícky parlament (Stará Ľubovňa, Slovensko)
|2 sllk
|9 1046464
|
| 648 |
|
7 |
|a 2012
|2 snkbucl
|9 326619
|
| 650 |
0 |
7 |
|a mládež
|x voľný čas
|2 sllk
|9 1097824
|
| 650 |
0 |
7 |
|a podpora čítania
|2 sllk
|9 131327
|
| 651 |
|
7 |
|a Stará Ľubovňa (Slovensko)
|2 sllk
|9 19193
|
| 773 |
0 |
|
|t Ľubovnianske noviny
|g Roč. XXXVII, č. 5 (2012), s. 4
|x 1338-0346
|
| 999 |
|
|
|c 1815789
|d 1817719
|